Electricity

Bibliographic Details
Main Author: Llewellyn, Claire
Format: Book
Published: London : Evans , 2004
Series:Start-up science
Subjects:

MARC

LEADER 00000cam a2200000 7i4500
001 0000005648
005 20151222.0
008 070808
020 |a 0237525925 
090 0 0 |a JF   |b SC ENG (5809) 
100 1 |a Llewellyn, Claire 
245 1 0 |a Electricity   |c Claire Llewellyn 
260 |a London :   |b Evans ,   |c 2004 
440 0 |a Start-up science 
500 |a Children ages 7-9 years old (orange) 
650 0 |a Junior fiction   |x English   |x Languages 
650 0 |a Science 
999 |a 0000981034   |b Book   |c Children Collection   |e Perbadanan Perpustakaan Awam Johor 
999 |a 0000981035   |b Book   |c Children Collection   |e Perbadanan Perpustakaan Awam Johor 
999 |a 0000981036   |b Book   |c Children Collection   |e Perbadanan Perpustakaan Awam Johor